| 000 | 00000nam 2200000zi 4500 |
| 001 | 9.945999 |
| 003 | CaOODSP |
| 005 | 20241210090743 |
| 006 | m o d f |
| 007 | cr |n||||||||| |
| 008 | 241209t19751975oncda obi f|0| 0 eng d |
| 040 | |aCaOODSP|beng|erda|cCaOODSP |
| 043 | |an-cn--- |
| 086 | 1 |aNR24-29/1975E-PDF |
| 245 | 00|aCanadian Plumbing Code 1975. |
| 250 | |aSecond edition 1975. |
| 264 | 1|aOttawa : |bAssociate Committee on the National Building Code, National Research Council of Canada, |c1975. |
| 264 | 4|c©1975 |
| 300 | |a1 online resource (vii, 104 pages) : |bcharts, illustrations |
| 336 | |atext|btxt|2rdacontent |
| 337 | |acomputer|bc|2rdamedia |
| 338 | |aonline resource|bcr|2rdacarrier |
| 500 | |aDigitized edition from print [produced by National Research Council of Canada]. |
| 500 | |a"NRCC No. 13983." |
| 504 | |aIncludes bibliographical references and index. |
| 650 | 0|aPlumbing|xLaw and legislation|zCanada. |
| 650 | 0|aPlumbing|xStandards|zCanada. |
| 650 | 6|aPlomberie|xDroit|zCanada. |
| 650 | 6|aPlomberie|xNormes|zCanada. |
| 710 | 2 |aNational Research Council of Canada. |bAssociate Committee on the National Building Code, |eissuing body. |
| 794 | |tCanadian Plumbing Code 1977.|b1977 edition|w(CaOODSP)9.946004 |
| 795 | |tCanadian Plumbing Code 1970.|b1970 edition|w(CaOODSP)9.945992 |
| 856 | 40|qPDF|s3.91 MB|uhttps://publications.gc.ca/collections/collection_2024/cnrc-nrc/NR24-29-1975-eng.pdf |